000 00419nam a2200169Ia 4500
003 GCL
008 140319s9999 xx 000 0 eng d
040 _aGCL /
_cGCL
082 0 4 _a620.43
_bK P
100 1 _aKAYE, BRIAN H
245 1 0 _aPOWDER MIXING /
_cKAYE, BRIAN H
260 _a[S.N] :
_bCHAPMAN & HALL ،
_c1997
300 _a263 P
650 0 4 _aPOWDER TECHNOLOGY
650 0 4 _aPOWDER MIXING
942 _2ddc
_cBK
999 _c16315
_d16315